1189 1303 1684 1830 1087 1110 1434 1677 1139 1672 1172 1062 1469 1472 1096 1224 1923 1407 1744 1887 1187 1028 1334 1104 1579 1501 1698 1501 1136 1050 1163 1520 1803 1692 1164 1378 1575 1974 1110 1382 1855 1441 1446 1718 1916 1816 1044 1165 1262 1393 1435 1778 1177 1920 1830 1979 1183 1236 1362 1211 1723 1357 1362 1614 1379 1050 1778 1825 1580 1243 1044 1092 1641 1858 1282 1281 1096 1772 1159 1083 1392 1352 1963 1125 1921 1951 1590 1193 1372 1235 1120 1660 1153 1676 1818 1851 1894 1381 1379 BCNSPRNW ULIB Ver.6.0+V

เปลี่ยนเป็นภาษาไทย

Change to English
 แสดงรายละเอียดบรรณานุกรม
  กลับหน้าหลัก

Brief Record : Get Marc (ISO 2709) : E-mail record : QR code < ปิดหน้าต่าง
LEADER : 00000nam 2200000uu 4500
001    13399127374
003     ULIB
008    200513s2018||||th 000 0 tha d
020    ^a9781975134877 (alk. paper)
060 04 ^aWQ18.2^bC156B
100 1  ^aCallahan, Tamara L.
245 10 ^aBlueprints obstetrics & gynecology /^cTamara Callahan,Aaron B. Caughey
246 1  ^aObstetrics & gynecology
246 1  ^aBlueprints obstetrics and gynecology
250    ^a7th ed.
260    ^aBaltimore, MD :^bWolters Kluwer Health/Lippincott Williams& Wilkins,^c2018
300    ^axiv, 590 p. :^bill. (some col.) ;^c26 cm.
504    ^aIncludes bibliographical references and index
650  2 ^aPregnancy Complications^vExamination Questions
650  2 ^aGenital Diseases, Female^vExamination Questions
700 1  ^aCaughey, Aaron B.
830  0 ^aBlueprints
945    ^p1649^l0^i007046
999    ^aอังศุธร กาญจนาโรจน์พันธ์
รายการนี้ยังไม่มีแท็ก
คุณยังไม่ได้ล็อกอิน คุณสามารถมีกิจกรรมร่วมกับเว็บไซต์ได้ แต่ต้องล็อกอินก่อน ::
  ล็อกอิน

รายการสื่อสารสนเทศ

ลำดับที่ ประเภท เลขเรียก/บาร์โค้ด สถานที่ สถานะ
1. วิทยาศาสตร์การแพทย์ และสุขภาพ
หนังสือสำรอง
สถานะ=หนังสือสำรอง
WQ18.2 C156B ฉ.1 
  Barcode: 007046
ห้องสมุดวิทยาเขตสวรรค์ประชารักษ์
►หนังสือทั่วไป
บนชั้น

รายการใกล้เคียง
    ผู้แต่ง [Callahan, Tamara L.]

BibComment


ยังไม่เคยถูกคอมเมนท์

คอมเมนท์ทรัพยากรรายการนี้
  คอมเมนท์: Blueprints obste..


 Copyright 2026. Bcnsprnw @Library